Dandy's World Characters - Statistics

General Stats
  • This quiz has been taken 14 times
  • The average score is 27 of 40
Answer Stats
Hint Toon % Correct
Main Astro
92%
Bassie
92%
Lethal Dandy
92%
Dyle
92%
Shelly
92%
Gourdy
83%
Pebble
83%
Sprout
83%
Toodles
83%
Vee
83%
Bobette
75%
Boxten
75%
Cocoa
75%
Cosmo
75%
Flyte
75%
Common Poppy
75%
Ginger
67%
Goob
67%
Scraps
67%
Rare Squirm
67%
Yatta
67%
Blot
58%
Coal
58%
Eclipse
58%
Eggson
58%
Looey
58%
Roger
58%
Rudie
58%
Shrimpo
58%
Soulvester
58%
Teagan
58%
Tisha
58%
Brightney
50%
Brusha
50%
Uncommon Connie
50%
Finn
50%
Gigi
50%
Ribecca
50%
Flutter
42%
RnD
42%
No matching quizzes found
Score Distribution
Percent of People with Each Score
Percentile by Number Answered
Your Score History
You have not taken this quiz